[Event "DEM U16 2025"]
[Site "Willingen GER"]
[Date "2025.06.08"]
[Round "1"]
[White "Herrmann, Jakob"]
[Black "Mester, Philipp"]
[Result "1/2-1/2"]
[Termination "normal"]
[Board "6"]
[WhiteTitle "FM"]
[WhiteElo "2296"]
[BlackElo "2162"]
[WhiteClock "00:15:35"]
[BlackClock "00:06:04"]
[PlyCount "69"]
[WhiteFideId "16287169"]
[BlackFideId "34624902"]
[EventCountry "GER"]
[EventRounds "9"]
[EventType "swiss"]
[EventDate "2025.06.07"]

1. d4 {[%clk 01:30:53]} {[%emt 00:00:06]} f5 {[%clk 01:30:52]} {[%emt
00:00:09]} 2. g3 {[%clk 01:31:16]} {[%emt 00:00:07]} Nf6 {[%clk 01:31:17]}
{[%emt 00:00:04]} 3. Bg2 {[%clk 01:31:42]} {[%emt 00:00:04]} e6 {[%clk
01:31:30]} {[%emt 00:00:17]} 4. Nf3 {[%clk 01:32:03]} {[%emt 00:00:08]} d5
{[%clk 01:31:49]} {[%emt 00:00:12]} 5. O-O {[%clk 01:32:06]} {[%emt 00:00:27]}
Bd6 {[%clk 01:32:06]} {[%emt 00:00:13]} 6. c4 {[%clk 01:32:19]} {[%emt
00:00:16]} c6 {[%clk 01:32:30]} {[%emt 00:00:07]} 7. Nc3 {[%clk 01:29:06]}
{[%emt 00:03:43]} O-O {[%clk 01:32:07]} {[%emt 00:00:53]} 8. b3 {[%clk
01:28:37]} {[%emt 00:01:00]} Qe7 {[%clk 01:28:54]} {[%emt 00:03:42]} 9. Qc2
{[%clk 01:26:54]} {[%emt 00:02:13]} Nbd7 {[%clk 01:24:33]} {[%emt 00:04:52]}
10. e3 {[%clk 01:24:25]} {[%emt 00:02:59]} b6 {[%clk 01:22:29]} {[%emt
00:02:34]} 11. a4 {[%clk 01:21:10]} {[%emt 00:03:44]} a5 {[%clk 01:22:18]}
{[%emt 00:00:40]} 12. cxd5 {[%clk 01:21:34]} {[%emt 00:00:06]} exd5 {[%clk
01:07:07]} {[%emt 00:15:41]} 13. Bb2 {[%clk 01:18:03]} {[%emt 00:04:01]} Ba6
{[%clk 01:02:03]} {[%emt 00:05:35]} 14. Rfd1 {[%clk 01:18:07]} {[%emt
00:00:25]} Ne4 {[%clk 00:58:22]} {[%emt 00:04:10]} 15. Nxe4 {[%clk 01:06:40]}
{[%emt 00:11:56]} fxe4 {[%clk 00:58:16]} {[%emt 00:00:38]} 16. Ne5 {[%clk
01:07:07]} {[%emt 00:00:03]} Bxe5 {[%clk 00:51:25]} {[%emt 00:07:21]} 17. dxe5
{[%clk 01:07:31]} {[%emt 00:00:07]} Nc5 {[%clk 00:51:03]} {[%emt 00:00:52]} 18.
Ba3 {[%clk 01:05:34]} {[%emt 00:02:26]} Qxe5 {[%clk 00:50:59]} {[%emt
00:00:34]} 19. Bxc5 {[%clk 01:05:59]} {[%emt 00:00:05]} bxc5 {[%clk 00:51:25]}
{[%emt 00:00:04]} 20. Qxc5 {[%clk 01:06:12]} {[%emt 00:00:18]} Be2 {[%clk
00:50:53]} {[%emt 00:01:01]} 21. Qd4 {[%clk 00:58:42]} {[%emt 00:08:00]} Qf5
{[%clk 00:48:46]} {[%emt 00:02:37]} 22. Rd2 {[%clk 00:59:06]} {[%emt 00:00:07]}
Qxf2+ {[%clk 00:28:39]} {[%emt 00:20:37]} 23. Kh1 {[%clk 00:59:30]} {[%emt
00:00:05]} Rf3 {[%clk 00:29:02]} {[%emt 00:00:07]} 24. Qb2 {[%clk 00:56:16]}
{[%emt 00:03:44]} Rxe3 {[%clk 00:29:15]} {[%emt 00:00:18]} 25. Rf1 {[%clk
00:56:41]} {[%emt 00:00:04]} Qxf1+ {[%clk 00:29:20]} {[%emt 00:00:25]} 26. Bxf1
{[%clk 00:57:07]} {[%emt 00:00:04]} Bxf1 {[%clk 00:29:43]} {[%emt 00:00:08]}
27. h4 {[%clk 00:42:27]} {[%emt 00:15:10]} Rf8 {[%clk 00:25:13]} {[%emt
00:05:00]} 28. Qc1 {[%clk 00:35:02]} {[%emt 00:07:54]} Rxg3 {[%clk 00:13:33]}
{[%emt 00:12:10]} 29. Qxc6 {[%clk 00:35:19]} {[%emt 00:00:13]} e3 {[%clk
00:09:25]} {[%emt 00:04:38]} 30. Qxd5+ {[%clk 00:15:47]} {[%emt 00:20:02]} Kh8
{[%clk 00:09:46]} {[%emt 00:00:08]} 31. Qf7 {[%clk 00:14:47]} {[%emt 00:01:31]}
Rh3+ {[%clk 00:05:43]} {[%emt 00:04:33]} 32. Kg1 {[%clk 00:15:12]} {[%emt
00:00:05]} Rg3+ {[%clk 00:06:04]} {[%emt 00:00:10]} 33. Kh1 {[%clk 00:15:35]}
{[%emt 00:00:07]} Rg8 {[%emt 00:01:09]} 34. Rd1 {[%emt 00:00:08]} e2 {[%emt
00:00:01]} 35. Rxf1 1/2-1/2

[Event "DEM U16 2025"]
[Site "Willingen GER"]
[Date "2025.06.08"]
[Round "1"]
[White "Sreeramulu, Aarush"]
[Black "Sauer, Tim"]
[Result "0-1"]
[Termination "normal"]
[Board "7"]
[WhiteElo "2032"]
[BlackElo "2181"]
[WhiteClock "00:00:46"]
[BlackClock "00:01:09"]
[PlyCount "154"]
[WhiteFideId "34610685"]
[BlackFideId "16265726"]
[EventCountry "GER"]
[EventRounds "9"]
[EventType "swiss"]
[EventDate "2025.06.07"]

1. d4 {[%clk 01:30:56]} {[%emt 00:00:04]} d5 {[%clk 01:30:52]} {[%emt
00:00:08]} 2. c4 {[%clk 01:31:16]} {[%emt 00:00:11]} c6 {[%clk 01:31:10]}
{[%emt 00:00:11]} 3. Nc3 {[%clk 01:31:38]} {[%emt 00:00:08]} Nf6 {[%clk
01:31:29]} {[%emt 00:00:11]} 4. e3 {[%clk 01:31:32]} {[%emt 00:00:36]} e6
{[%clk 01:31:12]} {[%emt 00:00:47]} 5. Nf3 {[%clk 01:31:57]} {[%emt 00:00:05]}
Nbd7 {[%clk 01:31:36]} {[%emt 00:00:06]} 6. Qc2 {[%clk 01:31:54]} {[%emt
00:00:33]} Bd6 {[%clk 01:31:00]} {[%emt 00:01:06]} 7. b3 {[%clk 01:32:11]}
{[%emt 00:00:13]} O-O {[%clk 01:26:57]} {[%emt 00:04:34]} 8. Be2 {[%clk
01:31:40]} {[%emt 00:01:01]} Re8 {[%clk 01:02:21]} {[%emt 00:25:06]} 9. O-O
{[%clk 01:28:02]} {[%emt 00:04:08]} dxc4 {[%clk 00:49:43]} {[%emt 00:13:09]}
10. bxc4 {[%clk 01:24:33]} {[%emt 00:03:59]} e5 {[%clk 00:49:32]} {[%emt
00:00:40]} 11. a4 {[%clk 01:23:32]} {[%emt 00:01:32]} exd4 {[%clk 00:32:35]}
{[%emt 00:17:27]} 12. exd4 {[%clk 01:09:06]} {[%emt 00:14:55]} Nf8 {[%clk
00:31:26]} {[%emt 00:01:38]} 13. Rd1 {[%clk 00:49:29]} {[%emt 00:20:08]} Ng6
{[%clk 00:18:18]} {[%emt 00:13:38]} 14. Bg5 {[%clk 00:37:57]} {[%emt 00:12:02]}
h6 {[%clk 00:15:39]} {[%emt 00:03:09]} 15. Bxf6 {[%clk 00:27:47]} {[%emt
00:10:40]} Qxf6 {[%clk 00:16:01]} {[%emt 00:00:09]} 16. Ne4 {[%clk 00:26:41]}
{[%emt 00:01:35]} Qf4 {[%clk 00:12:33]} {[%emt 00:03:57]} 17. Nxd6 {[%clk
00:26:49]} {[%emt 00:00:23]} Qxd6 {[%clk 00:12:57]} {[%emt 00:00:06]} 18. Bd3
{[%clk 00:23:31]} {[%emt 00:03:48]} Nf4 {[%clk 00:05:21]} {[%emt 00:08:06]} 19.
Ne5 {[%clk 00:16:29]} {[%emt 00:07:32]} Nxd3 {[%clk 00:03:03]} {[%emt
00:02:49]} 20. Qxd3 {[%clk 00:16:07]} {[%emt 00:00:52]} c5 {[%clk 00:01:09]}
{[%emt 00:02:25]} 21. Nf3 {[%clk 00:09:49]} {[%emt 00:06:47]} cxd4 {[%clk
00:01:18]} {[%emt 00:00:21]} 22. Qxd4 {[%clk 00:08:13]} {[%emt 00:02:05]} Qc7
{[%clk 00:00:45]} {[%emt 00:01:03]} 23. c5 {[%clk 00:06:25]} {[%emt 00:02:20]}
Be6 {[%clk 00:00:45]} {[%emt 00:00:29]} 24. Qb4 {[%clk 00:05:49]} {[%emt
00:01:06]} Rac8 {[%clk 00:00:37]} {[%emt 00:00:38]} 25. Rac1 {[%clk 00:05:50]}
{[%emt 00:00:29]} a5 {[%clk 00:00:32]} {[%emt 00:00:35]} 26. Qb5 {[%clk
00:03:21]} {[%emt 00:02:59]} Bg4 {[%clk 00:00:36]} {[%emt 00:00:27]} 27. Qb3
{[%clk 00:02:31]} {[%emt 00:01:20]} Re6 {[%clk 00:00:34]} {[%emt 00:00:31]} 28.
h3 {[%clk 00:02:30]} {[%emt 00:00:31]} Bxf3 {[%clk 00:00:38]} {[%emt 00:00:26]}
29. Qxf3 {[%clk 00:02:49]} {[%emt 00:00:11]} Rc6 {[%clk 00:00:33]} {[%emt
00:00:35]} 30. Rb1 {[%clk 00:02:03]} {[%emt 00:01:17]} Qe7 {[%clk 00:00:35]}
{[%emt 00:00:27]} 31. Re1 {[%clk 00:01:58]} {[%emt 00:00:36]} Qxc5 {[%clk
00:00:34]} {[%emt 00:00:30]} 32. Rxb7 {[%clk 00:02:08]} {[%emt 00:00:21]} Rf6
{[%clk 00:00:42]} {[%emt 00:00:22]} 33. Qg3 {[%clk 00:01:56]} {[%emt 00:00:43]}
Qd4 {[%clk 00:00:35]} {[%emt 00:00:36]} 34. Rb8 {[%clk 00:01:31]} {[%emt
00:00:56]} Rxb8 {[%clk 00:00:34]} {[%emt 00:00:31]} 35. Qxb8+ {[%clk 00:01:56]}
{[%emt 00:00:04]} Kh7 {[%clk 00:00:59]} {[%emt 00:00:04]} 36. Qb1+ {[%clk
00:02:22]} {[%emt 00:00:04]} g6 {[%clk 00:01:01]} {[%emt 00:00:27]} 37. Qa2
{[%clk 00:01:17]} {[%emt 00:01:35]} Kg7 {[%clk 00:01:04]} {[%emt 00:00:27]} 38.
Rb1 {[%clk 00:01:07]} {[%emt 00:00:41]} Rc6 {[%clk 00:00:39]} {[%emt 00:00:54]}
39. Qa1 {[%clk 00:01:21]} {[%emt 00:00:16]} Rc4 {[%clk 00:00:35]} {[%emt
00:00:34]} 40. Rd1 {[%clk 00:00:40]} {[%emt 00:01:10]} Qxa1 {[%clk 00:00:55]}
{[%emt 00:00:09]} 41. Rxa1 {[%clk 00:01:04]} {[%emt 00:00:07]} Kf6 {[%clk
00:30:11]} {[%emt 00:01:14]} 42. Ra3 {[%clk 00:24:39]} {[%emt 00:06:56]} Ke5
{[%clk 00:22:44]} {[%emt 00:07:56]} 43. g4 {[%clk 00:20:31]} {[%emt 00:04:38]}
Rf4 {[%clk 00:13:17]} {[%emt 00:09:57]} 44. Kg2 {[%clk 00:18:18]} {[%emt
00:02:43]} Kd6 {[%clk 00:10:14]} {[%emt 00:03:33]} 45. Kg3 {[%clk 00:17:53]}
{[%emt 00:00:55]} g5 {[%clk 00:05:34]} {[%emt 00:05:09]} 46. Rb3 {[%clk
00:13:09]} {[%emt 00:05:14]} Rb4 {[%clk 00:03:05]} {[%emt 00:02:58]} 47. Rf3
{[%clk 00:11:40]} {[%emt 00:01:59]} Ke6 {[%clk 00:03:27]} {[%emt 00:00:08]} 48.
Rc3 {[%clk 00:05:07]} {[%emt 00:07:04]} Kf6 {[%clk 00:03:34]} {[%emt 00:00:21]}
49. Rc6+ {[%clk 00:01:48]} {[%emt 00:03:52]} Kg7 {[%clk 00:03:37]} {[%emt
00:00:26]} 50. h4 {[%clk 00:01:37]} {[%emt 00:00:41]} gxh4+ {[%clk 00:00:34]}
{[%emt 00:03:32]} 51. Kxh4 {[%clk 00:02:01]} {[%emt 00:00:06]} Rxa4 {[%clk
00:00:34]} {[%emt 00:00:31]} 52. Ra6 {[%clk 00:01:16]} {[%emt 00:01:15]} f5
{[%clk 00:00:32]} {[%emt 00:00:31]} 53. Kh5 {[%clk 00:00:42]} {[%emt 00:01:05]}
fxg4 {[%clk 00:00:32]} {[%emt 00:00:30]} 54. Rxh6 {[%clk 00:00:38]} {[%emt
00:00:33]} Rb4 {[%clk 00:00:33]} {[%emt 00:00:29]} 55. Ra6 {[%clk 00:00:39]}
{[%emt 00:00:29]} a4 {[%clk 00:00:34]} {[%emt 00:00:29]} 56. Kh4 {[%clk
00:00:52]} {[%emt 00:00:17]} Kf7 {[%clk 00:00:39]} {[%emt 00:00:25]} 57. f3
{[%clk 00:00:33]} {[%emt 00:00:49]} gxf3+ {[%clk 00:00:43]} {[%emt 00:00:26]}
58. Kg3 {[%clk 00:00:56]} {[%emt 00:00:07]} Rf4 {[%clk 00:00:33]} {[%emt
00:00:39]} 59. Kf2 {[%clk 00:00:32]} {[%emt 00:00:54]} Ke7 {[%clk 00:00:40]}
{[%emt 00:00:24]} 60. Rb6 {[%clk 00:00:47]} {[%emt 00:00:15]} Kd7 {[%clk
00:00:35]} {[%emt 00:00:35]} 61. Rb1 {[%clk 00:00:34]} {[%emt 00:00:42]} Kc6
{[%clk 00:00:34]} {[%emt 00:00:31]} 62. Ke3 {[%clk 00:00:35]} {[%emt 00:00:30]}
Rf7 {[%clk 00:00:32]} {[%emt 00:00:31]} 63. Kf2 {[%clk 00:00:35]} {[%emt
00:00:31]} Kc5 {[%clk 00:00:55]} {[%emt 00:00:06]} 64. Rb8 {[%clk 00:00:37]}
{[%emt 00:00:29]} Kc4 {[%clk 00:00:46]} {[%emt 00:00:39]} 65. Rb6 {[%clk
00:00:34]} {[%emt 00:00:33]} Kc3 {[%clk 00:00:43]} {[%emt 00:00:32]} 66. Rc6+
{[%clk 00:00:40]} {[%emt 00:00:24]} Kb2 {[%clk 00:00:59]} {[%emt 00:00:14]} 67.
Rb6+ {[%clk 00:00:56]} {[%emt 00:00:15]} Ka2 {[%clk 00:01:17]} {[%emt
00:00:11]} 68. Rb4 {[%clk 00:01:14]} {[%emt 00:00:13]} a3 {[%clk 00:01:34]}
{[%emt 00:00:13]} 69. Rb5 {[%clk 00:01:10]} {[%emt 00:00:34]} Ka1 {[%clk
00:01:55]} {[%emt 00:00:08]} 70. Rb6 {[%clk 00:00:59]} {[%emt 00:00:42]} a2
{[%clk 00:01:27]} {[%emt 00:00:58]} 71. Rb8 {[%clk 00:01:14]} {[%emt 00:00:15]}
Rc7 {[%clk 00:01:04]} {[%emt 00:00:51]} 72. Kxf3 {[%clk 00:01:26]} {[%emt
00:00:19]} Rc1 {[%clk 00:00:48]} {[%emt 00:00:46]} 73. Ke3 {[%clk 00:01:35]}
{[%emt 00:00:22]} Rb1 {[%clk 00:01:06]} {[%emt 00:00:11]} 74. Ra8 {[%clk
00:00:45]} {[%emt 00:01:21]} Kb2 {[%clk 00:01:21]} {[%emt 00:00:15]} 75. Rb8+
{[%clk 00:01:03]} {[%emt 00:00:13]} Kc2 {[%clk 00:01:09]} {[%emt 00:00:40]} 76.
Rc8+ {[%clk 00:01:20]} {[%emt 00:00:13]} Kb3 {[%clk 00:00:47]} {[%emt
00:00:52]} 77. Rb8+ {[%clk 00:00:46]} {[%emt 00:01:05]} Kc4 {[%clk 00:01:09]}
{[%emt 00:00:07]} 0-1

[Event "DEM U16 2025"]
[Site "Willingen GER"]
[Date "2025.06.08"]
[Round "1"]
[White "Jahnz, Laurin"]
[Black "Nönnig, Jakob"]
[Result "1/2-1/2"]
[Termination "normal"]
[Board "8"]
[WhiteTitle "CM"]
[WhiteElo "2221"]
[BlackElo "2096"]
[WhiteClock "00:04:30"]
[BlackClock "00:00:46"]
[PlyCount "52"]
[WhiteFideId "16261089"]
[BlackFideId "16289447"]
[EventCountry "GER"]
[EventRounds "9"]
[EventType "swiss"]
[EventDate "2025.06.07"]

1. e4 {[%clk 01:30:58]} {[%emt 00:00:02]} e5 {[%clk 01:30:50]} {[%emt
00:00:10]} 2. Nf3 {[%clk 01:31:24]} {[%emt 00:00:03]} Nc6 {[%clk 01:31:10]}
{[%emt 00:00:09]} 3. Bc4 {[%clk 01:31:51]} {[%emt 00:00:03]} Bc5 {[%clk
01:31:31]} {[%emt 00:00:10]} 4. d3 {[%clk 01:32:17]} {[%emt 00:00:04]} Nf6
{[%clk 01:31:34]} {[%emt 00:00:26]} 5. a4 {[%clk 01:32:40]} {[%emt 00:00:07]}
a6 {[%clk 01:31:53]} {[%emt 00:00:11]} 6. O-O {[%clk 01:33:04]} d6 {[%clk
01:31:50]} {[%emt 00:00:40]} 7. Be3 {[%clk 01:33:24]} Bxe3 {[%emt 00:00:52]} 8.
fxe3 O-O 9. Nbd2 Be6 10. Bxe6 fxe6 {[%clk 01:31:37]} 11. h3 {[%emt 00:11:15]}
Qe8 12. c3 d5 13. Qb3 b6 14. exd5 exd5 15. e4 Qd7 16. Rae1 Rae8 17. exd5 Nxd5
18. Nc4 Rf7 19. Rf2 Qd8 20. Ne3 Nf4 {[%clk 01:15:01]} 21. Ng4 {[%clk 01:32:02]}
Kf8 {[%clk 00:00:50]} {[%emt 02:53:58]} 22. Re3 {[%clk 00:05:30]} h5 {[%clk
00:00:33]} {[%emt 00:08:45]} 23. Nfxe5 {[%clk 00:04:06]} Nxe5 {[%emt 00:02:11]}
24. Nxe5 Rxe5 25. Rxe5 Nxh3+ 26. Kf1 {[%clk 00:04:30]} Nf4 {[%clk 00:00:46]}
{[%emt 00:00:36]} 1/2-1/2

[Event "DEM U16 2025"]
[Site "Willingen GER"]
[Date "2025.06.08"]
[Round "1"]
[White "Sickmann, Lisa"]
[Black "Steger, Lukas Daniel"]
[Result "0-1"]
[Termination "normal"]
[Board "9"]
[WhiteTitle "WFM"]
[WhiteElo "1974"]
[BlackElo "2135"]
[WhiteClock "00:22:49"]
[BlackClock "00:02:15"]
[PlyCount "106"]
[WhiteFideId "16267818"]
[BlackFideId "3335151"]
[EventCountry "GER"]
[EventRounds "9"]
[EventType "swiss"]
[EventDate "2025.06.07"]

1. c4 {[%clk 01:30:57]} {[%emt 00:00:03]} e6 {[%clk 01:29:59]} {[%emt
00:01:00]} 2. g3 {[%clk 01:31:04]} {[%emt 00:00:23]} d5 {[%clk 01:30:23]}
{[%emt 00:00:06]} 3. Bg2 {[%clk 01:31:29]} {[%emt 00:00:05]} Nf6 {[%clk
01:30:26]} {[%emt 00:00:27]} 4. Nf3 {[%clk 01:31:29]} {[%emt 00:00:31]} dxc4
{[%clk 01:30:16]} {[%emt 00:00:40]} 5. Qa4+ {[%clk 01:27:30]} {[%emt 00:04:29]}
Nbd7 {[%clk 01:29:40]} {[%emt 00:01:05]} 6. Qxc4 {[%clk 01:25:14]} {[%emt
00:02:47]} a6 {[%clk 01:26:46]} {[%emt 00:03:25]} 7. Qc2 {[%clk 01:23:02]}
{[%emt 00:02:41]} c5 {[%clk 01:26:59]} {[%emt 00:00:17]} 8. Nc3 {[%clk
01:18:13]} {[%emt 00:05:19]} Qc7 {[%clk 01:27:14]} {[%emt 00:00:16]} 9. d3
{[%clk 01:18:01]} {[%emt 00:00:42]} Rb8 {[%clk 01:10:50]} {[%emt 00:16:54]} 10.
a4 {[%clk 01:12:21]} {[%emt 00:06:11]} b6 {[%clk 01:09:18]} {[%emt 00:02:01]}
11. O-O {[%clk 01:09:47]} {[%emt 00:03:04]} Bb7 {[%clk 01:07:28]} {[%emt
00:02:19]} 12. b3 {[%clk 01:06:29]} {[%emt 00:03:49]} Bd6 {[%clk 01:01:44]}
{[%emt 00:06:14]} 13. Bb2 {[%clk 01:06:30]} {[%emt 00:00:29]} Ne5 {[%clk
00:48:31]} {[%emt 00:13:42]} 14. e4 {[%clk 00:58:52]} {[%emt 00:08:09]} Nc6
{[%clk 00:43:43]} {[%emt 00:05:17]} 15. Ne2 {[%clk 00:57:57]} {[%emt 00:01:25]}
Rd8 {[%clk 00:35:50]} {[%emt 00:08:23]} 16. Rfd1 {[%clk 00:49:50]} {[%emt
00:08:38]} O-O {[%clk 00:28:29]} {[%emt 00:07:50]} 17. Bxf6 {[%clk 00:43:27]}
{[%emt 00:06:52]} gxf6 {[%clk 00:28:37]} {[%emt 00:00:23]} 18. Qc1 {[%clk
00:43:37]} {[%emt 00:00:20]} Be5 {[%clk 00:24:07]} {[%emt 00:05:00]} 19. Nxe5
{[%clk 00:43:39]} {[%emt 00:00:28]} Qxe5 {[%clk 00:23:42]} {[%emt 00:00:56]}
20. f4 {[%clk 00:42:28]} {[%emt 00:01:40]} Nd4 {[%clk 00:22:22]} {[%emt
00:01:50]} 21. Nxd4 {[%clk 00:36:52]} {[%emt 00:06:06]} Qxd4+ {[%clk 00:22:28]}
{[%emt 00:00:24]} 22. Kf1 {[%clk 00:37:02]} {[%emt 00:00:20]} Rd7 {[%clk
00:18:54]} {[%emt 00:04:04]} 23. a5 {[%clk 00:32:14]} {[%emt 00:05:18]} b5
{[%clk 00:17:28]} {[%emt 00:01:57]} 24. Qc2 {[%clk 00:32:16]} {[%emt 00:00:27]}
Rc8 {[%clk 00:15:11]} {[%emt 00:02:47]} 25. Rac1 {[%clk 00:25:53]} {[%emt
00:06:53]} f5 {[%clk 00:08:20]} {[%emt 00:07:22]} 26. exf5 {[%clk 00:19:38]}
{[%emt 00:06:44]} Bxg2+ {[%clk 00:07:37]} {[%emt 00:01:14]} 27. Qxg2 {[%clk
00:20:02]} {[%emt 00:00:06]} exf5 {[%clk 00:07:51]} {[%emt 00:00:15]} 28. Qh3
{[%clk 00:19:53]} {[%emt 00:00:39]} Rd5 {[%clk 00:05:31]} {[%emt 00:02:50]} 29.
Qh6 {[%clk 00:19:10]} {[%emt 00:01:13]} Re8 {[%clk 00:04:18]} {[%emt 00:01:43]}
30. Rc2 {[%clk 00:11:43]} {[%emt 00:07:57]} Re6 {[%clk 00:03:22]} {[%emt
00:01:26]} 31. Qg5+ {[%clk 00:11:30]} {[%emt 00:00:42]} Kh8 {[%clk 00:03:40]}
{[%emt 00:00:13]} 32. Qh5 {[%clk 00:10:37]} {[%emt 00:01:23]} Kg7 {[%clk
00:02:26]} {[%emt 00:01:44]} 33. Qg5+ {[%clk 00:08:45]} {[%emt 00:02:21]} Kf8
{[%clk 00:02:08]} {[%emt 00:00:49]} 34. Qh5 {[%clk 00:08:00]} {[%emt 00:01:16]}
h6 {[%clk 00:02:03]} {[%emt 00:00:36]} 35. Re2 {[%clk 00:06:25]} {[%emt
00:02:04]} Qf6 {[%clk 00:01:20]} {[%emt 00:01:14]} 36. Qf3 {[%clk 00:03:09]}
{[%emt 00:03:46]} Rxe2 {[%clk 00:01:08]} {[%emt 00:00:42]} 37. Qxe2 {[%clk
00:03:30]} {[%emt 00:00:09]} Qd8 {[%clk 00:01:00]} {[%emt 00:00:38]} 38. Qb2
{[%clk 00:02:49]} {[%emt 00:01:11]} Rd4 {[%clk 00:00:52]} {[%emt 00:00:38]} 39.
Qe2 {[%clk 00:01:01]} {[%emt 00:02:18]} Qd5 {[%clk 00:00:48]} {[%emt 00:00:33]}
40. Qe5 {[%clk 00:00:43]} {[%emt 00:00:48]} Qf3+ {[%clk 00:00:37]} {[%emt
00:00:41]} 41. Ke1 {[%clk 00:01:05]} {[%emt 00:00:08]} Qh1+ {[%clk 00:15:21]}
{[%emt 00:15:46]} 42. Kf2 {[%clk 00:28:33]} {[%emt 00:03:02]} Qxh2+ {[%clk
00:12:10]} {[%emt 00:03:41]} 43. Kf3 {[%clk 00:28:14]} {[%emt 00:00:49]} Qh5+
{[%clk 00:11:13]} {[%emt 00:01:28]} 44. Kg2 {[%clk 00:28:26]} {[%emt 00:00:17]}
Qxd1 {[%clk 00:05:54]} {[%emt 00:05:49]} 45. Qxc5+ {[%clk 00:28:50]} {[%emt
00:00:06]} Kg8 {[%clk 00:06:07]} {[%emt 00:00:17]} 46. Qxd4 {[%clk 00:29:14]}
{[%emt 00:00:06]} Qxb3 {[%clk 00:05:03]} {[%emt 00:01:34]} 47. Qd8+ {[%clk
00:27:50]} {[%emt 00:01:53]} Kh7 {[%clk 00:04:23]} {[%emt 00:01:11]} 48. d4
{[%clk 00:27:57]} {[%emt 00:00:23]} b4 {[%clk 00:03:49]} {[%emt 00:01:05]} 49.
d5 {[%clk 00:26:42]} {[%emt 00:01:45]} Qc2+ {[%clk 00:03:23]} {[%emt 00:00:56]}
50. Kf3 {[%clk 00:26:45]} {[%emt 00:00:25]} b3 {[%clk 00:02:48]} {[%emt
00:01:06]} 51. Qd7 {[%clk 00:25:08]} {[%emt 00:02:07]} Kg7 {[%clk 00:02:41]}
{[%emt 00:00:36]} 52. Qc6 {[%clk 00:22:32]} {[%emt 00:03:06]} Qd3+ {[%clk
00:01:58]} {[%emt 00:01:14]} 53. Kf2 {[%clk 00:22:49]} {[%emt 00:00:13]} b2
{[%clk 00:02:15]} {[%emt 00:00:13]} 0-1